La Conflictivitat competencial : normalització lingüística / Neus París i Domènech normalització lingüística / Neus París i Domènech
Descripción Física:
182 p. ; 24 cm
Colección:
Col·lecció Estudis ; 21
Otros Autores:
Institut d'Estudis Autonòmics (Catalunya)
MARC
| LEADER | 00000nam a2200000Ia 4500 | ||
|---|---|---|---|
| 001 | 10664 | ||
| 008 | 160829s1994 xx 000 0 cat d | ||
| 080 | |a M-1-258 | ||
| 100 | |a París i Domènech, Neus |9 32325 | ||
| 245 | |a La Conflictivitat competencial : |b normalització lingüística / Neus París i Domènech | ||
| 260 | |a Barcelona : |b Generalitat de Catalunya, Institut d'Estudis Autonòmics, |c 1994 | ||
| 300 | |a 182 p. ; |c 24 cm | ||
| 490 | |a Col·lecció Estudis ; 21 | ||
| 590 | |a Text en català, resums en català, castellà i anglès. | ||
| 590 | |a Bibliografia | ||
| 650 | |a Espanya |x Llengües |x Aspectes polítics |9 32326 | ||
| 650 | |a Competència (Dret) |x Espanya |x Comunitats autònomes |9 35883 | ||
| 700 | |a Institut d'Estudis Autonòmics (Catalunya) |9 11016 | ||
| 901 | |a Arxiu | ||
| 942 | |n 1 | ||
| 952 | |0 0 |1 0 |4 0 |6 M1258 |7 1 |9 45946 |a Arxiu |b Arxiu |d 2016-12-01 |l 0 |o M-1-258 |p 10664 |r 2016-12-01 00:00:00 |w 2016-12-01 |y ARXIU | ||
| 999 | |c 49447 |d 49447 | ||